| 000 | 00643nam a2200253Ia 4500 | ||
|---|---|---|---|
| 005 | 20250425162350.0 | ||
| 008 | 250425s9999 xx 000 0 und d | ||
| 020 | _a0131988271 | ||
| 041 | _aeng | ||
| 082 | _a624.1834 | ||
| 100 | _aSETAREH MEHDI, DARVAS ROBERT | ||
| 245 | 0 | _aCONCRETE STRUCTURES | |
| 250 | _a1ST ED. | ||
| 260 |
_aEstados Unidos _bPEARSON EDUCATION _c2007 |
||
| 260 | _aS.L. | ||
| 300 | _a564 | ||
| 500 | _a+ 1CD | ||
| 650 | _aCONCRETO PRESFORZADO | ||
| 650 | _aCONSTRUCCIONES DE CONCRETO REFORZADO | ||
| 650 | _aELEMENTOS ESTRUCTURALES | ||
| 650 | _aESTRUCTURAS-CONCRETO | ||
| 942 | _c01 | ||
| 010 | _a66341 | ||
| 999 |
_c227778 _d227778 |
||